Comparison of the influence of Al addition on the magnetic properties of Finemet and Nanoperm type alloys

Bibliographic Details
Main Authors: Zorkovská, Anna 1962- (Author), Kováč, Jozef, 1954- (Author), Konč, Michal, 1937-2021 (Author)
Format: Article
Language:Slovak
English
PhysicalDescription:Grafy, tab.
ISSN:1335-8243
Subjects:

MARC

LEADER 00000nab a2200000 a 4500
001 vtls000825504
003 SK-MaSNL
005 20260304125951.0
008 250429c2002 xo 0 slo
015 |a SNBRB2003/02-05370 
035 |a CLN000177159 
035 |a urn:nbn:sk:snk-abag2e 
035 |a (urnnbn)urn:nbn:sk:snk:ar-007xsv 
035 |a (uuid)3b3371e0-c135-4121-beb4-4c2736a3e2c1 
040 |a SNKBUCL  |b slo  |c SNKBUCL  |e AACR2 
041 0 |a eng 
044 |a xo  |c SK 
080 |a 669.15'781.018.58  |2 1997 
080 |a 537.622  |2 1997 
100 1 |a Zorkovská, Anna  |d 1962-  |4 aut  |9 1439857 
245 1 0 |a Comparison of the influence of Al addition on the magnetic properties of Finemet and Nanoperm type alloys  |c Anna Zorkovská, Jozef Kováč, Michal Konč 
300 |b Grafy, tab. 
504 |a Res. angl. 
504 |a Bibliogr. odkazy 
504 |a Biogr. údaje 
650 0 7 |a zliatiny Fe-Cu-Nb-Si-B  |x hliník  |x vlastnosti magnetické  |2 snkbucl  |9 1439858 
650 0 7 |a zliatiny Fe-Zr-B  |x hliník  |x vlastnosti magnetické  |2 snkbucl  |9 1439859 
650 0 7 |a magnetizácia  |2 snkbucl  |9 417841 
655 7 |a články z novín a časopisov  |2 snkbucl  |9 267496 
700 1 |a Kováč, Jozef,  |d 1954-  |4 aut  |9 98663 
700 1 |a Konč, Michal,  |d 1937-2021  |4 aut  |9 5801 
773 0 |t Acta electrotechnica et informatica  |g Roč. 2, č. 3 (2002), s. 123-127  |x 1335-8243 
850 |a Slovenská národná knižnica 
852 |a Slovenská národná knižnica 
958 |a article14 
958 |a OND 
958 |a NB 
958 |a EUIPO 
992 |a RBX 
999 |c 2894921  |d 2896851